ARRUPE JESUIT UNIVERSITY

CORONAVIRUS -STOP THE SPREAD - CLEAN,DISINFECT,COVER

Starting with Berkeley / (Record no. 119224)

MARC details
000 -LEADER
fixed length control field 01240cam a2200349 a 4500
001 - CONTROL NUMBER
control field 15575236
003 - CONTROL NUMBER IDENTIFIER
control field ARRUPE
005 - DATE AND TIME OF LATEST TRANSACTION
control field 20131212132845.0
008 - FIXED-LENGTH DATA ELEMENTS--GENERAL INFORMATION
fixed length control field 090105s2009 enk b 001 0deng
010 ## - LIBRARY OF CONGRESS CONTROL NUMBER
LC control number 2008053026
015 ## - NATIONAL BIBLIOGRAPHY NUMBER
National bibliography number GBA933836
Source bnb
016 7# - NATIONAL BIBLIOGRAPHIC AGENCY CONTROL NUMBER
Record control number 015103976
Source Uk
020 ## - INTERNATIONAL STANDARD BOOK NUMBER
International Standard Book Number 9781847061867 (hbk.)
020 ## - INTERNATIONAL STANDARD BOOK NUMBER
International Standard Book Number 1847061869 (hbk.)
020 ## - INTERNATIONAL STANDARD BOOK NUMBER
International Standard Book Number 9781847061874 (pbk.)
020 ## - INTERNATIONAL STANDARD BOOK NUMBER
International Standard Book Number 1847061877 (pbk.)
035 ## - SYSTEM CONTROL NUMBER
System control number (OCoLC)ocn277203988
040 ## - CATALOGING SOURCE
Original cataloging agency DLC
Transcribing agency DLC
Modifying agency BTCTA
-- YDXCP
-- UKM
-- BWKUK
-- BWK
-- BWX
-- DLC
050 00 - LIBRARY OF CONGRESS CALL NUMBER
Classification number B1348
Item number .J66 2009
082 00 - DEWEY DECIMAL CLASSIFICATION NUMBER
Classification number 192
Edition number 22
300 ## - PHYSICAL DESCRIPTION
Dimensions 23 cm.
100 1# - MAIN ENTRY--PERSONAL NAME
Personal name Jones, Nick,
Dates associated with a name 1974-
9 (RLIN) 5574
245 10 - TITLE STATEMENT
Title Starting with Berkeley /
Statement of responsibility, etc Nick Jones.
260 ## - PUBLICATION, DISTRIBUTION, ETC. (IMPRINT)
Place of publication, distribution, etc London ;
-- New York :
Name of publisher, distributor, etc Continuum,
Date of publication, distribution, etc c2009.
300 ## - PHYSICAL DESCRIPTION
Extent viii, 191 p. ;
440 #0 - SERIES STATEMENT/ADDED ENTRY--TITLE
Title Starting with...
9 (RLIN) 5575
504 ## - BIBLIOGRAPHY, ETC. NOTE
Bibliography, etc Includes bibliographical references and index.
600 10 - SUBJECT ADDED ENTRY--PERSONAL NAME
Personal name Berkeley, George,
Dates associated with a name 1685-1753.
9 (RLIN) 5576
700 1# - ADDED ENTRY--PERSONAL NAME
Personal name Berkeley, George,
Dates associated with a name 1685-1753.
9 (RLIN) 5577
906 ## - LOCAL DATA ELEMENT F, LDF (RLIN)
a 7
b cbc
c orignew
d 1
e ecip
f 20
g y-gencatlg
942 ## - ADDED ENTRY ELEMENTS (KOHA)
Source of classification or shelving scheme Library of Congress Classification
Koha item type Monograph ( Printed materials)
Holdings
Withdrawn status Lost status Source of classification or shelving scheme Damaged status Not for loan Home library Current library Shelving location Date acquired Total Checkouts Full call number Barcode Date last seen Date checked out Price effective from Koha item type
    Library of Congress Classification     ARRUPE LIBRARY ARRUPE LIBRARY Main Collection 12/12/2013 1 B1348 .J66 2009 46500000099 09/09/2016 30/08/2016 12/12/2013 Monograph ( Printed materials)

 

Arrupe Library. PO Box MP320 Mt Pleasant, Harare, Zimbabwe
263 242 745411|librarian@aju.ac.zw